[Event "44th Rubinstein Mem Open A"]
[Site "Polanica Zdroj POL"]
[Date "2008.08.24"]
[Round "6"]
[White "Chlost,M"]
[Black "Skrzypczak,A"]
[Result "1-0"]
[WhiteElo "2131"]
[BlackElo "1977"]

1.e4 c5 2.Nf3 d6 3.d4 cxd4 4.Nxd4 Nf6 5.Nc3 a6 6.g3 e5 7.Nde2 Be7 8.a4 O-O
9.Bg2 Be6 10.O-O Nbd7 11.h3 Rc8 12.g4 Nb6 13.Bg5 Qc7 14.b3 Rfd8 15.a5 Nbd7
16.Qc1 h6 17.Be3 Nc5 18.Rd1 Nh7 19.Nd5 Bxd5 20.exd5 Bg5 21.Bxg5 Nxg5 22.Qe3 Nd7
23.c4 Qc5 24.Qxc5 Rxc5 25.h4 Nh7 26.Ng3 Ndf6 27.Bf3 Re8 28.Be2 e4 29.Nf5 Rd8
30.b4 Rc7 31.Rac1 Nf8 32.c5 dxc5 33.d6 Rcd7 34.bxc5 Kh7 35.g5 hxg5 36.hxg5 g6
37.Ng3 Nh5 38.Bxh5 gxh5 39.Nxe4 Kg6 40.Nf6 Ne6 41.Nxd7 Rxd7 42.c6 bxc6 43.Rxc6 Kxg5
44.Rxa6 f5 45.Rb6 Nd8 46.a6 Kf6 47.Re1 Ne6 48.Rb7 Rxd6 49.a7 Ra6 50.Rb6 Rxa7
51.Rexe6+ Kg5 52.Rg6+ Kf4 53.Rb4+ Ke5 54.Rh4  1-0

[Event "44th Rubinstein Mem Open A"]
[Site "Polanica Zdroj POL"]
[Date "2008.08.26"]
[Round "8"]
[White "Chlost,M"]
[Black "Lach,A"]
[Result "0-1"]
[WhiteElo "2131"]
[BlackElo "2035"]

1.e4 c5 2.Nf3 d6 3.d4 cxd4 4.Nxd4 Nf6 5.Nc3 a6 6.g3 e5 7.Nde2 b6 8.a4 Bb7
9.Bg2 Nbd7 10.O-O Nc5 11.Bg5 Be7 12.Bxf6 Bxf6 13.Nd5 Bxd5 14.Qxd5 O-O 15.Rfd1 Be7
16.b4 Ne6 17.Ra2 Rc8 18.Bh3 Nc7 19.Qd3 Ra8 20.Rb2 a5 21.bxa5 bxa5 22.Nc3 Na6
23.Nd5 Nc5 24.Qc4 Ra7 25.Rdb1 Qe8 26.Nc3 Ra8 27.Rb6 h6 28.R1b5 Kh7 29.Nd5 Ra7
30.Ne3 Qa8 31.Nd5 Qe8 32.Bg4 Kh8 33.h4 Qa8 34.h5 Rd8 35.Kg2 Bf8 36.Rb1 Be7
37.Kf3 Bf8 38.Qb5 Ne6 39.Kg2 Nd4 40.Qc4 Ne6 41.Bxe6 fxe6 42.Nc7 d5 43.Nxa8 dxc4
44.Rxe6 Raxa8 45.Rxe5 Rd2 46.c3 Rc2 47.Rbb5 Rxc3 48.Rxa5 Rc8 49.g4 Ra3 50.g5 hxg5  0-1

[Event "2nd Open"]
[Site "Urumia IRI"]
[Date "2008.08.29"]
[Round "6"]
[White "Vahidi,M"]
[Black "Abbasov,F"]
[Result "0-1"]
[WhiteElo "2183"]
[BlackElo "2552"]

1.e4 c5 2.Nf3 d6 3.d4 cxd4 4.Nxd4 Nf6 5.Nc3 a6 6.g3 Nc6 7.Bg2 Bd7 8.O-O g6
9.Nb3 Bg7 10.a4 O-O 11.a5 Ne5 12.Nd2 b5 13.f4 Nc6 14.Nb3 Rb8 15.h3 Qc8 16.Kh2 Nb4
17.Rf2 Bc6 18.Nd5 Nbxd5 19.exd5 Ba8 20.Be3 b4 21.Bb6 Qc4 22.Nd2 Qb5 23.c4 bxc3
24.bxc3 Nxd5 25.c4 Qb2 26.cxd5 Qxa1 27.Qe2 Rfe8 28.Qxa6 Bd4 29.Rf1 Qc3 30.Nc4 Rec8
31.Bxd4 Qxd4 32.Nb6 Rc2 33.Rg1 Bxd5 34.Nxd5 Qxd5 35.Kh1 Rbb2 36.Qc8+ Rxc8  0-1

[Event "TCh-SRB 1st League"]
[Site "Subotica SRB"]
[Date "2008.09.01"]
[Round "1"]
[White "Marinkovic,I"]
[Black "Aleksic,Nen1"]
[Result "1/2-1/2"]
[WhiteElo "2453"]
[BlackElo "2371"]

1.e4 c5 2.Nf3 d6 3.d4 cxd4 4.Nxd4 Nf6 5.Nc3 a6 6.g3 Nc6 7.Bg2 Bd7 8.O-O e6
9.Nxc6 Bxc6 10.a4 Be7 11.Be3 O-O 12.a5 Nd7 13.Na4 f5 14.Nb6 Nxb6 15.Bxb6 Qd7
16.Re1 Bd8 17.Bxd8 Raxd8 18.c4 fxe4  1/2-1/2

[Event "SuperLiga-ROM"]
[Site "Eforie Nord ROM"]
[Date "2008.09.04"]
[Round "4"]
[White "Manescu,T"]
[Black "Lupulescu,C"]
[Result "0-1"]
[WhiteElo "2387"]
[BlackElo "2589"]

1.e4 c5 2.Nf3 d6 3.d4 cxd4 4.Nxd4 Nf6 5.Nc3 a6 6.g3 e5 7.Nde2 Nbd7 8.Bg2 b5
9.O-O Be7 10.a4 b4 11.Na2 Rb8 12.c3 b3 13.Nb4 Bb7 14.Be3 Nxe4 15.Qxb3 Ndf6
16.a5 O-O 17.Rfd1 Qc8 18.Bb6 Bd8 19.Nd5 Bxd5 20.Rxd5 Nc5 21.Qb4 Nxd5 22.Bxd5 Nd7
23.Qxd6 Bxb6 24.axb6 Rxb6 25.Qa3 Nf6 26.Bg2 Qc4 27.Nc1 Rd8 28.Na2 Rbd6 29.Rf1 Rd1  0-1

[Event "Open"]
[Site "Herzliya ISR"]
[Date "2008.09.04"]
[Round "3"]
[White "Magen,P"]
[Black "Shimonovich,Y"]
[Result "1/2-1/2"]
[WhiteElo "2033"]
[BlackElo "2088"]

1.e4 c5 2.Nf3 d6 3.d4 cxd4 4.Nxd4 Nf6 5.Nc3 a6 6.g3 e5 7.Nb3 Nbd7 8.a4 b6
9.Bg2 Bb7 10.O-O Be7 11.Qe2 O-O 12.Rd1 Rc8 13.Bg5 h6 14.Bxf6 Nxf6 15.Rd3 Rc7
16.Rad1 Qa8 17.Re3 Rfc8 18.Bh3 Rd8 19.Nd2 b5 20.axb5 axb5 21.Qxb5 Rb8 22.Qa4 Qxa4
23.Nxa4 Rxc2 24.Rb3 Rc7 25.Nc3 Rc6 26.Ra1 Bd8 27.Ra4 Rb6 28.Rxb6 Bxb6 29.Rb4 Bc6
30.Kf1 Kf8 31.Nc4 Bc7 32.Rxb8+ Bxb8 33.Bg2 Ke7 34.b4 Ke6 35.b5 Ba8 36.b6 Bc6
37.Na5 Be8 38.Ke2 g5 39.Bh3+ g4 40.Bg2 h5 41.Kd3 Nd7 42.Nd5 Nc5+ 43.Kc4 Ba4
44.h3 Bd7 45.f3 f5 46.exf5+ Kxf5 47.Ne7+ Kf6 48.Nec6 gxh3 49.Bh1 Na6 50.Kb5 Nc5
51.Kc4 Na6 52.Kb5 Nc7+ 53.bxc7 Bxc7 54.f4 exf4 55.gxf4 Kf5 56.Kc4 Kxf4 57.Kd3 Kg3
58.Nc4 Kh2 59.Bd5 Kg1 60.Nd2 Bf5+ 61.Ke2 Bg4+ 62.Nf3+ Bxf3+ 63.Kxf3 Bb6 64.Kg3 h2
65.Kh4 h1=Q+ 66.Bxh1 Kxh1 67.Kxh5 Kg2 68.Kg4 Kf2 69.Kf4 Ke2 70.Ke4 Bc5 71.Kd5  1/2-1/2

[Event "3rd XtraCon EMT"]
[Site "Borup DEN"]
[Date "2008.09.05"]
[Round "1"]
[White "Skjoldager,F"]
[Black "Erdogdu,M"]
[Result "0-1"]
[WhiteElo "2013"]
[BlackElo "2440"]

1.e4 c5 2.Nf3 d6 3.d4 cxd4 4.Nxd4 Nf6 5.Nc3 a6 6.g3 e6 7.Bg2 Bd7 8.O-O Nc6
9.Re1 Qc7 10.a4 Be7 11.Be3 O-O 12.Nxc6 Bxc6 13.a5 Nd7 14.f4 Bf6 15.Qd2 Rfd8
16.Ra3 b5 17.axb6 Nxb6 18.b3 d5 19.exd5 Nxd5 20.Nxd5 Bxd5 21.Qe2 Bxg2 22.Qxg2 Qc3
23.Kf1 a5 24.Ra4 Rac8 25.Bb6 Rd5 26.Rc4 Rxc4 27.Qxd5 Qxe1+ 28.Kxe1 exd5 29.bxc4 a4  0-1

[Event "Leicester Group A"]
[Site "Littlethorpe ENG"]
[Date "2008.09.06"]
[Round "7"]
[White "Clarke,B"]
[Black "Coates,D"]
[Result "1-0"]
[WhiteElo "1911"]
[BlackElo "2037"]

1.e4 c5 2.Nf3 d6 3.d4 cxd4 4.Nxd4 Nf6 5.Nc3 a6 6.g3 e5 7.Nde2 Be7 8.Bg2 O-O
9.O-O b5 10.a3 Bb7 11.h3 Nbd7 12.g4 Nb6 13.Nd5 Nfxd5 14.exd5 Rc8 15.Be4 g6
16.Bh6 Re8 17.Qd2 Nc4 18.Qc1 Bf6 19.b3 Nb6 20.Qd2 Qc7 21.Be3 Nd7 22.Rac1 Nc5
23.f3 Bg7 24.Ng3 Qe7 25.Kg2 Rf8 26.Kh2 Rc7 27.Rg1 Bc8 28.Rg2 Nxe4 29.fxe4 Bb7
30.Bb6 Rcc8 31.c4 Bf6 32.g5 Bg7 33.Be3 Qd7 34.c5 dxc5 35.Bxc5 Rfe8 36.b4 Rb8
37.Rc3 Ra8 38.Rf3 Bc8 39.Ne2 Bf8 40.Nc1 Bd6 41.Nb3 Rf8 42.Qc3 Kg7 43.Rgf2 Bb7
44.Rf6 Rac8 45.Rxd6 Qxd6 46.Bxd6 Rxc3 47.Bxe5+  1-0

[Event "Open"]
[Site "Herzliya ISR"]
[Date "2008.09.07"]
[Round "5"]
[White "Givon,A"]
[Black "Shimonovich,Y"]
[Result "1-0"]
[WhiteElo "2030"]
[BlackElo "2088"]

1.e4 c5 2.Nf3 d6 3.d4 cxd4 4.Nxd4 Nf6 5.Nc3 a6 6.g3 e5 7.Nb3 Nbd7 8.a4 b6
9.Bg2 Bb7 10.O-O Be7 11.Re1 Rc8 12.Nd2 Rc5 13.Nf1 Qa8 14.Qd3 O-O 15.Ne3 Rxc3
16.Qxc3 Rc8 17.Qa3 Bf8 18.Qd3 Nc5 19.Qe2 Bxe4 20.Bxe4 Ncxe4 21.Ng4 Qa7 22.Be3 Qb7
23.Nxf6+ Nxf6 24.c4 a5 25.Red1 g6 26.Rab1 Qc6 27.b3 Nd7 28.Qd3 h5 29.Qd5 Qc7
30.Bg5 Nc5 31.Rf1 Ne6 32.Be3 h4 33.Rb2 Be7 34.Kg2 Kg7 35.f4 exf4 36.gxf4 Qd8
37.f5 Nc7 38.Qf3 Bf6 39.fxg6 fxg6 40.Bh6+ Kxh6 41.Qxf6 Qxf6 42.Rxf6 Ne8 43.Re6 Rd8
44.Rd2 Kg7 45.Rde2 Nf6 46.Rd2 Ne8 47.Rf2 Kh6 48.Rf8 Nc7 49.Rxg6+  1-0

[Event "3rd PGMA Cup"]
[Site "Manila PHI"]
[Date "2008.09.07"]
[Round "1"]
[White "Legaspi,R"]
[Black "Nolte,R"]
[Result "1/2-1/2"]
[WhiteElo "2315"]
[BlackElo "2522"]

1.e4 c5 2.Nf3 d6 3.Nc3 a6 4.d4 cxd4 5.Nxd4 Nf6 6.g3 e6 7.Bg2 Be7 8.O-O Qc7
9.f4 O-O 10.g4 Nc6 11.Nxc6 bxc6 12.g5 Nd7 13.f5 exf5 14.exf5 d5 15.Bf4 Bd6
16.Bxd6 Qxd6 17.f6 g6 18.Qd4 Rb8 19.a3 Qc5 20.Qxc5 Nxc5 21.b4 Ne6 22.h4 Nd4
23.Rac1 Bf5 24.Rf4 Ne6 25.Rf2 Rfe8 26.Ne2 a5 27.c3 Bd3 28.Nf4 Nxf4 29.Rxf4 a4
30.Bf1 Bxf1 31.Kxf1  1/2-1/2

[Event "XXV Aniversario"]
[Site "Parla ESP"]
[Date "2008.09.09"]
[Round "4"]
[White "Lozano Cortijo,M"]
[Black "Vazquez Torres,A"]
[Result "1/2-1/2"]
[WhiteElo "2156"]
[BlackElo "1981"]

1.e4 c5 2.Nf3 d6 3.d4 cxd4 4.Nxd4 Nf6 5.Nc3 a6 6.g3 e5 7.Nde2 Be6 8.Bg2 Be7
9.O-O O-O 10.Bg5 Nbd7 11.Qd2 Nb6 12.a4 Nc4 13.Qc1 Rc8 14.b3 Na5 15.Qd2 Qc7
16.Ra2 Rfd8 17.h3 Nc6 18.Nd5 Bxd5 19.exd5 Nb8 20.c4 Nbd7 21.Nc3 Re8 22.Rc2 Qd8
23.Bxf6 Nxf6 24.Kh2 Qb6 25.Rb2 Bf8 26.Qd3 g6 27.f4 exf4 28.Rxf4 Bg7 29.Rbf2 Re3
30.Qd2 Rxc3 31.Rxf6 Bxf6 32.Rxf6 Rxb3 33.Qf4 Rb1 34.h4 Qg1+ 35.Kh3 Rb2 36.Qe4 Rd8
37.Rf1 Qc5 38.Rxf7 Qc8+ 39.Qe6 Re8 40.Rc7+ Qxe6+ 41.dxe6 Rxg2  1/2-1/2

[Event "USCL 2008"]
[Site "ICC INT"]
[Date "2008.09.10"]
[Round "3"]
[White "Zhao,P"]
[Black "Rensch,D"]
[Result "1-0"]
[WhiteElo "2242"]
[BlackElo "2354"]

1.e4 c5 2.Nf3 d6 3.d4 cxd4 4.Nxd4 Nf6 5.Nc3 a6 6.g3 e5 7.Nb3 Be6 8.Bg2 Nbd7
9.O-O Rc8 10.Re1 Be7 11.Bg5 h6 12.Bxf6 Nxf6 13.Nd2 O-O 14.Nf1 Rc5 15.Ne3 Qc7
16.Qd3 Rc8 17.Rad1 Bf8 18.h4 b5 19.a3 Qb6 20.Kh2 a5 21.Bh3 Qc6 22.Ncd5 Nd7
23.b4 axb4 24.axb4 Rxc2 25.Nxc2 Qxc2 26.Re2 Qc4 27.Rb2 g6 28.Qf3 Re8 29.Bxe6 fxe6
30.Ne3 Qc3 31.Qe2 Nf6 32.Rd3 Qc6 33.f3 d5 34.exd5 exd5 35.Ng2 d4 36.Ne1 Bd6
37.Qc2 Qc4 38.Ra3 e4 39.Ra6 Qxc2+ 40.Nxc2 Be5 41.f4 Ng4+ 42.Kh3 Nf2+ 43.Kg2 Nd3
44.Rb1 Bg7 45.Rxg6 e3 46.Rd1 Nb2 47.Rxd4 Kf7 48.Rxg7+ Kxg7 49.Kf3 Nc4 50.Ke2 Kf6
51.Rd3 Re4 52.Nxe3 Nxe3 53.Rxe3 Rxb4 54.Re5 Rb3 55.g4 b4 56.g5+ hxg5 57.hxg5+ Kg6
58.Rb5 Rb1 59.Kf3 b3 60.Rb6+ Kg7 61.f5 b2 62.Kg2 Kf8 63.g6 Rc1 64.Rxb2 Rc5
65.Rf2 Rc4 66.Kg3 Kg8 67.Rf4 Rc1 68.Kg4 Rg1+ 69.Kh5 Rh1+ 70.Kg5 Rg1+ 71.Rg4 Ra1
72.f6 Ra5+ 73.Kh6 Ra6 74.f7+ Kf8 75.Kh7  1-0

[Event "7th Georgiev - Kesarovski Mem"]
[Site "Sunny Beach BUL"]
[Date "2008.09.11"]
[Round "5"]
[White "Janev,E"]
[Black "Jordanova,S"]
[Result "1/2-1/2"]
[WhiteElo "2502"]
[BlackElo "2168"]

1.e4 c5 2.Nf3 d6 3.d4 cxd4 4.Nxd4 Nf6 5.Nc3 a6 6.g3 e5 7.Nde2 Be7 8.Bg2 Nbd7
9.a4 b6 10.h3 Bb7 11.g4 Nc5 12.Ng3 g6 13.g5 Nfd7 14.h4 Ne6 15.Nge2 b5 16.Nd5 Bxd5
17.exd5 Nec5 18.axb5 axb5 19.Rxa8 Qxa8 20.b4 Na6 21.c3 Nc7 22.h5 Rg8 23.hxg6 hxg6
24.Be3 Qd8 25.Qd2 Na8 26.Ng3 Nab6 27.Bxb6 Nxb6 28.Ne4 Kf8 29.Rh7 Qa8 30.Qd1 Qxd5
31.Qxd5 Nxd5 32.Nxd6 Bxd6 33.Bxd5 Rg7 34.Rh3 Ke7 35.Bc6 f6 36.gxf6+ Kxf6
37.Bxb5 Ra7 38.Bc4 e4 39.Kd2 Bf4+ 40.Kc2 Rd7 41.Kb3 Rd2 42.f3 e3 43.Rh7 Be5
44.b5 e2 45.Rf7+ Kg5 46.f4+ Bxf4 47.Re7 Kf6 48.Re6+ Kf5 49.Rxe2 Rxe2 50.Bxe2 Be3
51.Kb4 Ke5 52.Ka5 Bd2 53.Kb4 Kd6 54.Bf3 Be3 55.Kc4 Bc5 56.Kb3 g5 57.Ka4 Be3
58.Ka5 Kc7  1/2-1/2

[Event "I Liga Seniorow"]
[Site "Ustron POL"]
[Date "2008.09.11"]
[Round "6"]
[White "Janaszak,Daw"]
[Black "Moranda,W"]
[Result "0-1"]
[WhiteElo "2353"]
[BlackElo "2533"]

1.e4 c5 2.Nf3 d6 3.d4 cxd4 4.Nxd4 Nf6 5.Nc3 a6 6.g3 e5 7.Nb3 Be7 8.Bg2 b5
9.a4 b4 10.Nd5 Nxd5 11.Qxd5 Ra7 12.Be3 Be6 13.Qd2 Rb7 14.O-O O-O 15.f4 f6
16.f5 Bf7 17.Qf2 Nd7 18.Rad1 Qc7 19.Nc1 Rc8 20.Rd2 Qb8 21.Nd3 b3 22.Rc1 Rbc7
23.g4 Rc4 24.c3 Rxa4 25.Rcd1 a5 26.h4 Rcc4 27.Qg3 Kh8 28.Nf2 Ra2 29.g5 Bh5
30.Bf3 Qe8 31.Ng4 Rc6 32.Rg2 Bxg4 33.Qxg4 a4 34.h5 fxg5 35.Bxg5 Bxg5 36.Qxg5 Qf8
37.Kh1 h6 38.Qd2 Nf6 39.Qd3 a3 40.Qb5 Qc8 41.Qxb3 Rxb2 42.Qxa3 Rxg2 43.Kxg2 d5
44.Qe7 Rxc3 45.Qxe5 dxe4 46.Be2 Rc2 47.Kf1 Kh7 48.Ke1 Rc5 49.Qe6 Qxe6 50.fxe6 Rc6
51.Kf2 Rxe6 52.Ke3 Re5 53.Rh1 Kg8 54.Kd4 Rd5+ 55.Ke3 Kf8 56.Ra1 Nxh5 57.Bc4 Rc5
58.Kd4 Rc7 59.Be6 Nf6 60.Ke5  0-1

[Event "IV Geller Memorial"]
[Site "Odessa UKR"]
[Date "2008.09.13"]
[Round "5"]
[White "Sharapov,E"]
[Black "Shevtsov,N"]
[Result "1/2-1/2"]
[WhiteElo "2431"]
[BlackElo "2325"]

1.e4 c5 2.Nf3 d6 3.d4 cxd4 4.Nxd4 Nf6 5.Nc3 a6 6.g3 e5 7.Nb3 Be7 8.a4 Bg4
9.Be2 Bh3 10.Bf1 Bg4 11.Be2 Be6 12.Bf3 Bh3 13.g4 h5 14.gxh5 Nbd7 15.Rg1 Kf8
16.Be3 Rc8 17.a5 Be6 18.h6 g6 19.h4 Rc4 20.h5 gxh5 21.Be2 Rb4 22.Bxh5 Nxe4
23.Nd5 Rc4 24.Nxe7 Qxe7 25.Nd2 Nxd2 26.Qxd2 Nf6 27.Bf3 Ng4 28.Bxg4 Bxg4 29.Qd3 Qe6
30.Qb3 Bf3 31.Rg3 Be4 32.Ra4 Rxa4 33.Qxa4 f5 34.Rg7 Bc6 35.Qh4 f4 36.Qd8+ Be8
37.Bb6 Rxh6 38.Rg1 Qd7 39.Qb8 Qc6 40.Kd2 e4 41.Kc1 Rh2 42.Qd8 e3 43.Qf6+ Bf7
44.Bd4 Rh1 45.Qd8+ Be8 46.Qf6+ Bf7  1/2-1/2

[Event "II ROMGAZ Open"]
[Site "Bucharest ROU"]
[Date "2008.09.18"]
[Round "8"]
[White "Senetia,T"]
[Black "Szabo,G ROM"]
[Result "0-1"]
[WhiteElo "2198"]
[BlackElo "2514"]

1.e4 c5 2.Nf3 d6 3.d4 cxd4 4.Nxd4 Nf6 5.Nc3 a6 6.g3 e5 7.Nb3 Be7 8.Bg2 Nbd7
9.O-O b5 10.a4 b4 11.Nd5 Nxd5 12.exd5 a5 13.Bd2 O-O 14.c3 bxc3 15.Bxc3 Qb6
16.Ra3 Bd8 17.Qd2 Qa7 18.Bf3 f5 19.Kg2 Nf6 20.Na1 Qf7 21.Kh1 Bb7 22.Rd1 Ne4
23.Qe2 Bb6 24.Be1 Ba6 25.Qc2 Rac8 26.Qb1 Nxf2+ 27.Bxf2 Bxf2 28.Nc2 e4 29.Bg2 Rfe8
30.Ne3 f4 31.Ng4 fxg3 32.Bxe4 Be2 33.Bxh7+ Kh8 34.Nxf2 Qxf2 35.Rxg3 Bxd1
36.Be4 Qf1+ 37.Rg1 Bf3+ 38.Bxf3 Qxf3+ 39.Rg2 Re2  0-1

[Event "TCh-NED 2008-9"]
[Site "Netherlands NED"]
[Date "2008.09.27"]
[Round "1"]
[White "Michielsen,J"]
[Black "Van der Stricht,G"]
[Result "0-1"]
[WhiteElo "2316"]
[BlackElo "2426"]

1.e4 c5 2.Nf3 d6 3.d4 cxd4 4.Nxd4 Nf6 5.Nc3 a6 6.g3 e5 7.Nde2 Be7 8.Bg2 b5
9.O-O Nbd7 10.h3 Nb6 11.g4 h5 12.g5 Nh7 13.h4 Nf8 14.f4 Ng6 15.Qe1 b4 16.Nd5 Nxd5
17.exd5 Qb6+ 18.Kh1 Bg4 19.fxe5 Nxe5 20.Rf4 O-O 21.Rxb4 Qc5 22.Nd4 Bd8 23.Bd2 a5
24.Ra4 Bd7 25.Nc6 Nxc6 26.dxc6 Bxc6 27.Bc3 Re8 28.Qg1 Re2  0-1

[Event "ch-Commonwealth"]
[Site "Nagpur IND"]
[Date "2008.10.02"]
[Round "6"]
[White "Prasanna,Ra"]
[Black "Devangi,P"]
[Result "0-1"]
[WhiteElo "2233"]
[BlackElo "2028"]

1.e4 c5 2.Nf3 d6 3.d4 cxd4 4.Nxd4 Nf6 5.Nc3 a6 6.g3 e5 7.Nde2 Be7 8.Bg2 O-O
9.O-O Nbd7 10.a4 b6 11.h3 Bb7 12.g4 Nc5 13.Ng3 g6 14.f4 Ne8 15.f5 Bg5 16.Qf3 Bxc1
17.Raxc1 Ng7 18.Qe3 b5 19.axb5 axb5 20.Rcd1 b4 21.Nd5 Bxd5 22.Rxd5 b3 23.c4 Qb6
24.Kh2 Ra2 25.Qd2 Na4 26.Rxd6 Qc7 27.Rb1 Nxb2 28.Rd5 Na4 29.Qb4 Rb8 30.Rb5 Rxb5
31.Qxb5 b2 32.f6 Ne6 33.Nf5 gxf5 34.gxf5 Qc5 35.Qb3 Ra3 36.Qd1 Ng5 37.Qg4 Qe3
38.Rd1 h6 39.h4 Qf4+ 40.Qxf4 exf4 41.hxg5 hxg5 42.Bf1 Ra1 43.Rd8+ Kh7 44.Bd3 Rd1
45.Rf8 Rxd3 46.Rxf7+ Kh6 47.Rf8 Kh5 48.Rb8 Kg4 49.f7 Rd2+ 50.Kg1 Rd3 51.Kh2 Rd2+
52.Kg1 Kg3 53.Kf1 f3 54.Ke1 Re2+ 55.Kf1 Rc2 56.Ke1 f2+ 57.Kd1 Rc1+  0-1

[Event "58th TCh m 1st Div"]
[Site "Borovets BUL"]
[Date "2008.10.03"]
[Round "3"]
[White "Janev,E"]
[Black "Dimitrov,R"]
[Result "0-1"]
[WhiteElo "2491"]
[BlackElo "2378"]

1.e4 c5 2.Nf3 d6 3.d4 Nf6 4.Nc3 cxd4 5.Nxd4 a6 6.g3 e5 7.Nde2 Nbd7 8.a4 b6
9.Bg2 Bb7 10.h3 Nc5 11.Bg5 Be7 12.Bxf6 Bxf6 13.Nd5 O-O 14.O-O g6 15.b4 Nd7
16.c4 Rc8 17.Qb3 Bxd5 18.cxd5 Bg5 19.f4 exf4 20.gxf4 Bh6 21.Rac1 Rxc1 22.Rxc1 Qh4
23.Qf3 Nf6 24.Rf1 Re8 25.Ng3 Bg7 26.Kh1 a5 27.bxa5 bxa5 28.Qd3 Bh6 29.e5 dxe5
30.fxe5 Rxe5 31.d6 Re3 32.Nf5 gxf5 33.Qxf5 Re1 34.d7 Rxf1+ 35.Bxf1 Qd4 36.Bb5 Kf8
37.Qf3 Ke7 38.Qa3+ Qb4 39.Qd3 Qe4+  0-1

[Event "Chigorin Memorial"]
[Site "St Petersburg RUS"]
[Date "2008.10.04"]
[Round "1"]
[White "Kotenko,P"]
[Black "Kopasov,E"]
[Result "1-0"]
[WhiteElo "2402"]
[BlackElo "2046"]

1.e4 c5 2.Nf3 d6 3.d4 cxd4 4.Nxd4 Nf6 5.Nc3 a6 6.g3 e5 7.Nb3 Be6 8.Bg2 Nbd7
9.O-O Be7 10.a4 O-O 11.Re1 Qc7 12.Nd2 Rfd8 13.Nf1 Nb6 14.Ne3 Rac8 15.a5 Nbd7
16.Ncd5 Bxd5 17.exd5 b5 18.axb6 Qxb6 19.b3 g6 20.Nc4 Rxc4 21.bxc4 Nc5 22.Be3 Nfd7
23.Qd2 f5 24.Reb1 Qc7 25.Qa5 Qxa5 26.Rxa5 Rc8 27.Bf3 Kf7 28.Bd1 Ke8 29.f3 Bd8
30.Ra2 Kf7 31.c3 a5 32.Ba4 Nb6 33.Bb5 a4 34.Kf1 Ke7 35.Ke2 Kf6 36.Rb4 g5
37.f4 gxf4 38.gxf4 e4 39.Rb1 Kf7 40.Bc6 Nxc4 41.Bxc5 dxc5 42.Bd7 Ra8 43.Bxf5 Nd6
44.Bd7 Bf6 45.Rxa4 Rxa4 46.Bxa4 Bxc3 47.Bc2 Bd4 48.Rb6 Ke7 49.Bxe4 c4 50.Rc6 h6
51.Bg6 Kd7 52.Bb1 Nb5 53.Rxc4 Nc3+ 54.Kd3  1-0

[Event "1st WMSG Rapid Ind w"]
[Site "Beijing CHN"]
[Date "2008.10.06"]
[Round "6"]
[White "Borosova,Z"]
[Black "Zdebskaja,N"]
[Result "1/2-1/2"]
[WhiteElo "2234"]
[BlackElo "2419"]

1.e4 c5 2.Nf3 d6 3.d4 cxd4 4.Nxd4 Nf6 5.Nc3 a6 6.g3 e5 7.Nde2 Be7 8.a4 b6
9.Bg2 Bb7 10.h3 Nbd7 11.g4 Nc5 12.Ng3 g6 13.Bh6 Ne6 14.Qd2 Rc8 15.Be3 O-O
16.O-O Qc7 17.g5 Nd7 18.Nd5 Bxd5 19.exd5 Nf4 20.Bxf4 exf4 21.Qxf4 Qxc2 22.Ne4 Ne5
23.Qh4 h5 24.b4 Rc4 25.Rfc1 Qxc1+ 26.Rxc1 Rxc1+ 27.Kh2 Rfc8 28.Nf6+ Kg7 29.Qf4 R1c4
30.Qe3 Bxf6 31.gxf6+ Kxf6 32.Qxb6 Rh4 33.Qxd6+ Kf5 34.b5 axb5 35.axb5 Rc3
36.f3 Nxf3+ 37.Bxf3 Rxf3 38.Qd7+ Kg5 39.b6 Rhf4 40.Qe7+ f6 41.Qe1 Rf1 42.Qg3+ Kf5
43.Kg2 Rd1 44.b7 Rd2+ 45.Kg1 Rd1+ 46.Kg2 Rd2+ 47.Kg1 Ke5  1/2-1/2

[Event "58th TCh m 1st Div"]
[Site "Borovets BUL"]
[Date "2008.10.06"]
[Round "6"]
[White "Lilov,V2"]
[Black "Gospodinov,G"]
[Result "1-0"]
[WhiteElo "2433"]
[BlackElo "2063"]

1.e4 c5 2.Nf3 d6 3.d4 cxd4 4.Nxd4 Nf6 5.Nc3 a6 6.g3 e6 7.Bg2 Qc7 8.a4 Be7
9.O-O O-O 10.Kh1 Bd7 11.f4 Nc6 12.Nb3 Rfd8 13.Qe2 Rac8 14.g4 Be8 15.g5 Nd7
16.Qf2 Nc5 17.Be3 Nb4 18.f5 exf5 19.exf5 Bc6 20.Nd4 Bxg2+ 21.Qxg2 Bf8 22.g6 Re8
23.Rf3 Ne4 24.Nxe4 Rxe4 25.c3 Rce8 26.Qh3 fxg6 27.fxg6 hxg6 28.cxb4 Qc4 29.Rd1 Qxb4
30.b3 Qc3 31.Bf2 Qb2 32.Qg2 Kh7 33.Rg1 Kg8 34.Qxg6 R4e7 35.Nf5  1-0

[Event "1st WMSG Blitz Team"]
[Site "Beijing CHN"]
[Date "2008.10.13"]
[Round "8"]
[White "Livshits,G"]
[Black "Steingrimsson,H"]
[Result "1-0"]
[WhiteElo "2427"]
[BlackElo "2540"]

1.e4 c5 2.Nf3 d6 3.d4 cxd4 4.Nxd4 Nf6 5.Nc3 a6 6.g3 e5 7.Nde2 Nbd7 8.Bg2 b5
9.O-O Bb7 10.a4 b4 11.Nd5 Bxd5 12.exd5 a5 13.c3 Nc5 14.Be3 Nfd7 15.f4 Be7
16.fxe5 dxe5 17.d6 Bf6 18.cxb4 axb4 19.Bxa8 Qxa8 20.Rc1 Ne6 21.Qb3 O-O 22.Qxb4 Rb8
23.Qa3 Qe4 24.a5 Bg5 25.Rc3 Rxb2 26.Qxb2 Bxe3+ 27.Rxe3 Qxe3+ 28.Rf2 Ng5 29.Kf1 Ne4
30.Ng1 Nxf2 31.Qxf2 Qd3+ 32.Qe2 Qxd6 33.Nf3 g6 34.a6 Qa3 35.Kg2 e4 36.Ng5 Nc5
37.Qc4  1-0

[Event "1st WMSG Rapid Team w"]
[Site "Beijing CHN"]
[Date "2008.10.16"]
[Round "9"]
[White "Al Rufei,EH"]
[Black "Tsiganova,M"]
[Result "0-1"]
[WhiteElo "2140"]
[BlackElo "2208"]

1.e4 c5 2.Nf3 d6 3.d4 cxd4 4.Nxd4 Nf6 5.Nc3 a6 6.g3 e5 7.Nde2 Be7 8.Bg2 O-O
9.a4 Be6 10.O-O Nbd7 11.h3 Qc7 12.Re1 Rac8 13.g4 Rfd8 14.Ng3 d5 15.g5 Nxe4
16.Ngxe4 dxe4 17.Bxe4 Nc5 18.Bxh7+ Kxh7 19.Qh5+ Kg8 20.Be3 Bf5 21.a5 Qc6
22.Rac1 Bg6 23.Qg4 Qe6 24.Qg2 e4 25.h4 Re8 26.Rcd1 Bh5 27.Rd5 Bf3 28.Qg3 Bf8
29.g6 Qxg6 30.Rg5 Qe6 31.Nd5 Nd7 32.Bd4 Qh6 33.c3 Rc6 34.Nf4 Nf6 35.Be3 Bd6
36.Kh2 Nh5 37.Rxh5 Bxh5 38.Rg1 Be5 39.Kh3 Qh7 40.Qg5 Bxf4 41.Qxf4 Rg6 42.Re1 Bg4+  0-1

[Event "24th ECC"]
[Site "Kallithea GRE"]
[Date "2008.10.18"]
[Round "2"]
[White "Bacrot,E"]
[Black "Zagorskis,D"]
[Result "1-0"]
[WhiteElo "2705"]
[BlackElo "2509"]

1.e4 c5 2.Nf3 d6 3.d4 cxd4 4.Nxd4 Nf6 5.Nc3 a6 6.g3 g6 7.Bg2 Bg7 8.O-O O-O
9.h3 Bd7 10.Be3 Nc6 11.Nd5 e6 12.Nxc6 Bxc6 13.Bb6 Qd7 14.Nc3 Ne8 15.Bd4 b5
16.Bxg7 Kxg7 17.Qd2 Qb7 18.a3 Rd8 19.Rad1 f5 20.f3 fxe4 21.fxe4 Rxf1+ 22.Rxf1 e5
23.Qf2 Qe7 24.Kh2 Rb8 25.Na2 a5 26.Qd2 Nf6 27.Qxa5 Bxe4 28.Bxe4 Nxe4 29.Nc3 Nd2
30.Rf2 Nc4 31.Qa6 Qb7 32.Qxb7+ Rxb7 33.Ne4 d5 34.Nc5 Re7 35.c3 e4 36.Kg2 Rf7
37.Ne6+ Kg8 38.Nd4 Rxf2+ 39.Kxf2 Kf7 40.Nxb5 Nxb2 41.Ke3 Nc4+ 42.Kd4 e3 43.Kd3 Kf6
44.Ke2 Ke5 45.Kf3 Ke6 46.a4 Kd7 47.Nd4 Kd6 48.Ke2 Kc5 49.Ne6+ Kb6 50.Nf8 Ka5
51.Nxh7 Kxa4 52.Nf6 Nb6 53.Kxe3 Kb5 54.Kd4 Kc6 55.Ng4 Kd6 56.Ne5 Na8 57.Nxg6 Nc7
58.Nf4 Nb5+ 59.Kd3 Ke5 60.Nxd5 Kxd5  1-0

[Event "92nd ch-Marshall CC"]
[Site "New York USA"]
[Date "2008.10.19"]
[Round "5"]
[White "Zhao,P"]
[Black "Berg,Geo"]
[Result "1-0"]
[WhiteElo "2317"]
[BlackElo "2101"]

1.e4 c5 2.Nf3 d6 3.d4 cxd4 4.Nxd4 Nf6 5.Nc3 a6 6.g3 e5 7.Nb3 b5 8.Bg2 Bb7
9.O-O Be7 10.a4 b4 11.Nd5 Nxd5 12.exd5 a5 13.Bd2 O-O 14.Re1 Nd7 15.c3 bxc3
16.Bxc3 Qb6 17.Ra3 Rfc8 18.Qd2 Bd8 19.Bh3 Nc5 20.Nxa5 Rxa5 21.Bxa5 Qxa5 22.b4 Ne4
23.bxa5 Nxd2 24.Bxc8 Bxc8 25.Rd3 Nc4 26.Rc1 Ba6 27.Rxc4 Bxc4 28.Rc3 Ba6 29.Rc6 Bb7
30.a6  1-0

[Event "1st Bobotsov Mem"]
[Site "Sofia BUL"]
[Date "2008.10.19"]
[Round "6"]
[White "Janev,E"]
[Black "Mrdja,M"]
[Result "1/2-1/2"]
[WhiteElo "2491"]
[BlackElo "2401"]

1.e4 c5 2.Nf3 d6 3.d4 cxd4 4.Nxd4 Nf6 5.Nc3 a6 6.g3 e5 7.Nde2 Be7 8.Bg2 O-O
9.a4 b6 10.h3 Bb7 11.g4 Nbd7 12.Ng3 Nc5 13.O-O Rc8 14.g5 Ne8 15.h4 g6 16.Bh3 Rb8
17.f4 exf4 18.Bxf4 Nc7 19.Nd5 Nxd5 20.exd5 Bc8 21.Bg2 a5 22.Qd2 Re8 23.Be3 f5
24.Bd4 Bf8 25.Rfe1 Bd7 26.Rxe8 Qxe8 27.b3 Qf7 28.Re1 Re8 29.Rxe8 Qxe8 30.Nf1 Bg7
31.Bxg7 Kxg7 32.Ne3 b5 33.axb5 Bxb5 34.Qd4+ Kg8 35.Bf1 Bxf1 36.Kxf1 Ne4 37.Kg2 Qe7
38.Nc4 Nc5 39.Kf1 Qd8 40.Qa1 Qa8 41.Qxa5 Qxd5 42.Qd8+ Kg7 43.Qf6+ Kg8 44.Qd8+ Kg7
45.Qf6+ Kg8 46.Qxd6 Qf3+ 47.Ke1 Qh1+ 48.Ke2 Qg2+ 49.Ke1 Qg1+ 50.Ke2 Qg2+
51.Ke1  1/2-1/2

[Event "WYCC Girls U18"]
[Site "Vung Tau City VIE"]
[Date "2008.10.20"]
[Round "1"]
[White "Messina,R"]
[Black "Danelia,M"]
[Result "0-1"]
[WhiteElo "1949"]
[BlackElo "2218"]

1.e4 c5 2.Nf3 d6 3.d4 cxd4 4.Nxd4 Nf6 5.Nc3 a6 6.g3 e5 7.Nde2 Be7 8.Bg2 O-O
9.O-O Nbd7 10.h3 b5 11.a3 Bb7 12.g4 Nc5 13.Ng3 g6 14.g5 Ne8 15.h4 Nc7 16.Be3 N5e6
17.Qd2 f6 18.Rfd1 fxg5 19.hxg5 Nf4 20.Nge2 Nce6 21.Nd5 Bxg5 22.Bxf4 Nxf4
23.Ndxf4 exf4 24.Bf3 Be7 25.Kg2 Qd7 26.Rg1 Qe6 27.Nd4 Qf6 28.Kf1 Kh8 29.e5 dxe5
30.Bxb7 Rad8 31.Be4 Rxd4 32.Qe2 f3 33.Qe3 Bc5 34.Re1 Qh4 35.Bxf3 e4 36.Rh1 Qe7
37.Bg4 Rc4 38.Qh6 Rxf2+ 39.Kg1 Rfxc2+ 40.Kf1 Qf6+  0-1